00425nam a2200193Ia 4500003000900000008004100009040001300050040001300063041000800076100002000084245006300104250000900167260001000176260000900186300001100195300000900206300001000215490000600225IT-RoPAU120407s9999 xx 000 0 und d aIT-RoPAU cIT-RoPAU aita aGuido Stendardo aVia Tasso. Museo storico della liberazione di Roma. 2a ed. aRoma aS. E. c1971 a100 p. bill. c24 cm v1